| Tag |
First Indicator |
Second Indicator |
Subfields |
| LEADER |
00000cam a2200000 a 4500 |
| 001 |
in00001635341 |
| 005 |
20151023083927.0 |
| 008 |
000727s2000 nyu 000 1 eng |
| 010 |
|
|
|a 99047968
|
| 020 |
|
|
|a 0399145923 (acid-free paper)
|
| 035 |
|
|
|a (OCoLC)ocm42435047
|
| 040 |
|
|
|a DLC
|c DLC
|d OCL
|d TXA
|d UtOrBLW
|
| 043 |
|
|
|a n-us-sc
|
| 049 |
|
|
|a TXAM
|
| 050 |
0 |
0 |
|a PS3568.O243
|b C38 2000
|
| 082 |
0 |
0 |
|a 813/.54
|2 21
|
| 100 |
1 |
|
|a Roberts, Nora.
|
| 245 |
1 |
0 |
|a Carolina moon /
|c Nora Roberts.
|
| 264 |
|
1 |
|a New York :
|b G.P. Putnam's Sons,
|c [2000]
|
| 264 |
|
4 |
|c ©2000
|
| 300 |
|
|
|a 438 pages ;
|c 24 cm.
|
| 336 |
|
|
|a text
|b txt
|2 rdacontent
|
| 337 |
|
|
|a unmediated
|b n
|2 rdamedia
|
| 338 |
|
|
|a volume
|b nc
|2 rdacarrier
|
| 650 |
|
0 |
|a Murder victims' families
|v Fiction.
|
| 650 |
|
0 |
|a Young women
|v Fiction.
|
| 651 |
|
0 |
|a South Carolina
|v Fiction.
|
| 655 |
|
7 |
|a Romantic suspense fiction.
|2 gsafd
|
| 994 |
|
|
|a E0
|b TXA
|
| 948 |
|
|
|a cataloged
|b h
|c 2001/11/7
|d c
|e ceaton
|f 1:22:13 pm
|
| 999 |
|
|
|a MARS
|
| 999 |
f |
f |
|s 2125ce9c-c54f-3dcb-89f6-a45c97718d6d
|i d3fbf5e9-dea0-3dd2-a307-908a22f8ee7c
|t 0
|
| 952 |
f |
f |
|p ric
|a Texas A&M University
|b Rellis Campus
|c Joint Library Facility
|d Remote Storage
|t 0
|e PS3568.O243 C38 2000
|h Library of Congress classification
|i unmediated -- volume
|m A14828279701
|
| 998 |
f |
f |
|a PS3568.O243 C38 2000
|t 0
|l Remote Storage
|